[Event "XII Sabadell Open 2019"]
[Site "Sabadell"]
[Date "2019.09.05"]
[Round "4.5"]
[White "Quesada Vera, Liordis"]
[Black "Moskalenko, Viktor"]
[Result "*"]
[WhiteElo "2389"]
[BlackElo "2475"]
[Annotator "TA"]
[PlyCount "88"]
[EventDate "2019.09.01"]
[EventCountry "ESP"]
[SourceTitle "playchess.com"]
[Source "ChessBase"]
[SourceQuality "1"]

{[%evp 10,88,31,0,0,0,-8,-2,23,18,21,-5,22,35,26,26,45,45,43,39,43,42,45,33,55,56,66,15,24,17,18,9,19,0,-4,-25,-18,-32,-38,-46,-31,-39,-15,-13,0,0,0,0,0,0,0,0,0,0,0,-6,-10,-20,-3,-6,0,0,0,0,0,0,0,0,0,0,0,0,0,0,0,0,0,0,0,-29994,16]} 1. c4 g6 2. g3 Bg7 3. Bg2 d6 4. d4 f5 5. Nc3 Nf6 6. e4 (6. Nf3 {with more complications.} e6 7. O-O O-O 8. b3 Nc6 9. Rb1) 6... fxe4 {A86: Dutch Defence: Leningrad System: Unusual lines and 5 Nh3} 7. Nxe4 Nxe4 8. Bxe4 c6 {The position is equal.} 9. Ne2 O-O (9... Nd7 10. Bg2 Nf6 11. O-O O-O 12. Bg5 {½-½ (12) Cyborowski,L (2560)-Malaniuk,V (2522) Koszalin 2007}) 10. Be3 Nd7 11. O-O e5 12. Bg2 exd4 $146 ({Predecessor:} 12... Qe7 13. d5 c5 14. Nc3 {½-½ (23) Nittel,C (1723)-Koerber,T (1879) Nuremberg 2009}) 13. Bxd4 Ne5 14. f4 Ng4 15. h3 Nf6 16. Qb3 Qc7 17. g4 Qf7 18. Rac1 (18. Qd3 $14) 18... h5 $1 $11 {[%cal Rh5g4]} 19. g5 Ne8 20. Be3 Bh8 21. Nd4 Ng7 22. Qa3 Nf5 23. Nxf5 Bxf5 24. Rcd1 Qxc4 25. Rxd6 Rfe8 26. Rc1 Qe2 27. Qb3+ {[%mdl 64] [#] Double Attack} Kh7 $1 28. Qxb7+ {[%mdl 64] Double Attack} ({Don't play} 28. Qf7+ Bg7 $17) 28... Bg7 $1 29. Bd4 {[%csl Gd4][%cal Rb7g7]} Re7 30. Qxa8 Bxd4+ 31. Rxd4 Qe3+ {[%mdl 64] [#] Double Attack} 32. Kh2 {Threatening mate with Re1!} Qxd4 33. Qb8 Qd2 34. Rg1 $132 {[%mdl 2048] White is not holding back} a5 35. Kh1 Qe3 36. Kh2 Qd2 37. Kh1 Qe3 38. Kh2 Qd2 39. Kh1 Qe3 40. Kh2 h4 {( -> ...Qg3+)} 41. Qd6 Qg3+ 42. Kh1 Rd7 43. Qxc6 Qe3 44. Qc7 $2 {[%mdl 8192]} (44. Qc1 $11 Qg3 45. Qf1) 44... Re7 $2 {Accuracy: White = 66%, Black = 58%.} (44... Rxc7 {mates} 45. Rf1 Rc2 46. Bf3 Be4 47. b3 Bxf3+ 48. Rxf3 Qxf3+ {[%mdl 64] Double Attack} 49. Kg1 Qg2#) *

[Event "XII Sabadell Open 2019"]
[Site "Sabadell"]
[Date "2019.09.05"]
[Round "4.6"]
[White "Garcia Ramos, Daniel"]
[Black "Arenas, David"]
[Result "0-1"]
[WhiteElo "2348"]
[BlackElo "2454"]
[Annotator "TA"]
[PlyCount "66"]
[EventDate "2019.09.01"]
[EventCountry "ESP"]
[SourceTitle "playchess.com"]
[Source "ChessBase"]
[SourceQuality "1"]

{[%evp 14,66,34,22,18,23,24,29,30,16,31,27,39,33,25,0,0,0,0,0,23,0,0,-7,0,-93,-81,-73,-85,-85,-85,-89,-43,-220,-230,-331,-320,-358,-372,-354,-312,-345,-341,-435,-355,-371,-367,-421,-404,-745,-552,-550,-550,-493,-466]} 1. e4 e5 2. Nf3 Nc6 3. Bb5 a6 4. Ba4 Nf6 5. d3 d6 6. c3 g6 7. O-O Bg7 8. Re1 b5 {C77: Ruy Lopez: 3...a6 4 Ba4 Nf6, unusual lines} (8... O-O 9. Nbd2 Nh5 10. Nf1 f5 11. Bb3+ Kh8 12. Ng5 Qf6 13. exf5 Bxf5 14. Be3 Nf4 15. Bxf4 exf4 16. Ne4 Bxe4 17. Rxe4 {½-½ (45) Carlsen,M (2835)-Shirov,A (2643) St Petersburg 2018}) 9. Bc2 O-O 10. h3 Bb7 {White has an edge.} 11. Nbd2 Re8 12. a4 b4 13. a5 Rb8 14. d4 $146 ({Predecessor:} 14. Ba4 Nd7 15. Nc4 Nc5 16. cxb4 Nxa4 17. Qxa4 {1-0 (54) Malicka,M (2013)-Boino,C (2180) Krakow 2018}) 14... bxc3 15. bxc3 exd4 16. cxd4 Nd7 17. Ra4 Na7 18. Nb3 Nb5 {Strongly threatening ...Nc3.} 19. Bb2 (19. Bg5 $11 Nf6 20. Qd2) 19... c5 $1 $17 20. Qa1 {[#]} c4 $1 $36 {[%cal Rc4b3][%mdl 2560] White is under strong pressure.} 21. Nbd2 (21. Rxc4 d5) 21... d5 22. exd5 Bxd5 {White must now prevent ...c3!} 23. Be4 $2 {[#]} (23. Rxe8+ $15 Qxe8 24. Nxc4) 23... Nc5 $1 $19 {[%cal Rc5a4][%mdl 512]} 24. dxc5 (24. Bxd5 $142 Rxe1+ 25. Nxe1 Nxa4 26. Bxf7+ Kxf7 27. Qxa4) 24... c3 {[%mdl 64] Double Attack} 25. Bxd5 Qxd5 {[%mdl 64] Double Attack} 26. Rxe8+ Rxe8 27. Bxc3 Nxc3 28. Qa3 Nxa4 29. Qxa4 Rc8 30. Nb3 Rb8 31. Nfd2 (31. Nbd2 $142) 31... Bh6 {Black is clearly winning.} 32. f4 Bf8 33. Kh2 h5 {Accuracy: White = 47%, Black = 80%.} 0-1

[Event "XII Sabadell Open 2019"]
[Site "Sabadell"]
[Date "2019.09.05"]
[Round "4.7"]
[White "Lever, Erwan"]
[Black "Sanchez, Sebastian Felipe"]
[Result "1/2-1/2"]
[WhiteElo "2221"]
[BlackElo "2413"]
[Annotator "TA"]
[PlyCount "160"]
[EventDate "2019.09.01"]
[EventCountry "ESP"]
[SourceTitle "playchess.com"]
[Source "ChessBase"]
[SourceQuality "1"]

{[%evp 17,160,16,20,14,11,0,24,14,16,22,12,-1,35,34,34,22,36,31,42,29,38,43,67,60,52,28,28,28,28,17,28,25,27,17,20,22,37,0,0,-94,-74,-89,-90,-81,-78,-54,-8,-8,-8,-8,-14,-13,-13,-8,-1,-9,-8,-24,-8,-107,-39,-56,-56,-60,0,0,0,-1999,-1836,-29980,-387,-29992,0,0,0,0,0,0,0,0,0,0,0,0,0,0,0,0,0,0,0,0,0,0,0,0,0,0,0,0,0,0,0,0,0,0,0,0,0,0,0,0,0,0,0,0,0,0,0,0,0,0,0,0,0,0,0,0,0,0,0,0,0,0,0,0,0,0,0,0,0,0,0,0,0]} 1. d4 Nf6 2. c4 e6 3. g3 d5 4. Nf3 Bb4+ 5. Bd2 Be7 6. Bg2 O-O 7. O-O Nbd7 8. Qc2 c6 9. Rd1 Ne4 10. Be1 {E11: Bogo-Indian} (10. Bf4 g5 11. Bc1 f5 12. Nc3 Bf6 13. e3 Rf7 14. b3 b6 15. Bb2 Bb7 16. Rac1 Qe8 17. Ne2 Rc8 {½-½ (53) Caruana,F (2802)-Nakamura,H (2786) chess.com INT 2017}) 10... f5 11. Nbd2 {[%cal Bb1d2,Bd2b3,Bb3c1,Bc1d3][%mdl 32]} Bf6 $146 ({Predecessor:} 11... Bd6 12. b4 Qe7 13. Rab1 b5 14. c5 Bc7 15. Nb3 g5 16. Nc1 g4 17. Nh4 Qg7 {1-0 (48) Cramling,P (2444)-Greet,A (2447) Dundee 2017}) 12. Nb3 {White has an edge.} Re8 13. Nc1 b6 14. Nd3 Ba6 15. cxd5 cxd5 16. Qa4 Qc8 17. Rac1 Qb7 $1 18. h4 Bc4 19. b3 b5 20. Qa3 Be7 21. Qb2 Bxd3 $1 22. exd3 Nef6 23. Bd2 Qa6 {White should prevent ...Ba3.} 24. b4 Rac8 25. Bf4 Qa4 26. a3 a5 27. Qe2 Nf8 $1 28. Ng5 (28. Ra1 $11) 28... Rxc1 $1 $17 29. Rxc1 axb4 30. axb4 (30. Nxe6 $2 Bd8 $19) 30... Bxb4 31. Be5 {next Bxf6 is good for White.} Bc3 (31... Qa6 {feels hotter.} 32. Qb2 Be7 33. Qa1 Qb6 34. Rc2 Bd6) 32. Bxf6 $1 gxf6 33. Nxe6 $1 {[%mdl 64] Remove Defender} Nxe6 34. Bxd5 Qxd4 35. Bxe6+ Kg7 36. Qa2 f4 37. gxf4 b4 38. Kh1 (38. Qc4 $11) 38... Qxd3 ({Black should play} 38... Qxf4 $17 39. Rg1+ Kh8) 39. Rg1+ Kh6 40. Bg4 f5 ({Black should try} 40... Rd8 $15 41. Qf7 Qd5+ 42. Qxd5 Rxd5) 41. Rg3 $1 $11 {[%cal Rg3d3]} (41. Qf7 fxg4 42. Ra1 Bxa1 43. Qxe8 Qf1+ 44. Kh2 Qxf2+ 45. Kh1 Qf1+ 46. Kh2 Qh3+ 47. Kg1 Bd4+ 48. Qe3 Bxe3#) 41... Qf1+ 42. Kh2 $2 {[%mdl 8192]} (42. Rg1 $11 Qd3 43. Rg3 (43. Qf7 {is a self mate.} fxg4 44. Rd1 Qxd1+ 45. Kh2 Qf3 46. Qxe8 Qxf2+ {[%mdl 64] Double Attack} 47. Kh1 Qf1+ 48. Kh2 Qh3+ {[%mdl 64] Double Attack} 49. Kg1 Bd4+ 50. Qe3 Bxe3#) 43... Qf1+ 44. Rg1) 42... fxg4 $19 43. Qa7 Re6 $2 (43... Re1 44. Qb6+ Kh5 45. Qc5+ Be5 $1 {[%mdl 512]} 46. Qxe5+ Rxe5 47. fxe5 Kxh4 48. Rg2 b3 49. f3 gxf3 50. Rg7 Qe2+ 51. Kh1 h5 52. Rg1 b2 53. Rg8 b1=Q+ 54. Rg1 Qg2#) 44. f5 $2 {[#]} (44. Qc5 $19 Kg7 45. Rxg4+ Rg6 46. Rg5) 44... Be5 $2 (44... Re2 $1 {mates} 45. Qa6+ {[#]} Kh5 $1 {[%mdl 512]} 46. Qxe2 Qxe2 47. Kg1 Bd4 $1 {[%mdl 512]} 48. Rg2 g3 {[%mdl 64] Deflection, Decoy} 49. Rxg3 Qxf2+ {[%mdl 64] Double Attack} 50. Kh1 Qxg3 51. f6 Qh3#) 45. Qe3+ $11 {The position is equal.} ({Much worse is} 45. fxe6 Bxg3+ 46. Kxg3 Qg1+ 47. Kf4 g3 $17) 45... Kg7 46. fxe6 Bxg3+ 47. fxg3 {[%mdl 4096] Endgame Strongly threatening e7. KQ-KQ} Qf3 48. Qd4+ Kg6 49. Qd2 {[%csl Gh4][%cal Rd2g5]} Kf6 50. Qh6+ Ke7 {White must now prevent ...Qf2+.} (50... Ke5 $5 51. e7 $8 Qf2+ 52. Kh1 Qf1+ 53. Kh2 Qh3+ 54. Kg1 Qxg3+ 55. Kh1 Qe1+ 56. Kg2 Qe2+ 57. Kg3 Qd3+ 58. Kh2 g3+ 59. Kg2 Qe4+ 60. Kh3 (60. Kxg3 Qe1+ 61. Kh2 Qe2+ 62. Kh3 Qf1+ 63. Kh2 Qf2+ 64. Kh3 Qf3+ 65. Kh2 Qf2+ 66. Kh3 Qf3+ 67. Kh2 Qf2+ $11) 60... Qh1+ 61. Kxg3 Qe1+ 62. Kh3 Qh1+ 63. Kg3 Qe1+ 64. Kh3 Qh1+ 65. Kg3 $11) 51. Qxh7+ Kxe6 {Threatens to win with ...Qf2+.} 52. Qg8+ Kd6 {And now ...Qf2+ would win.} 53. Qb8+ Kc5 {Hoping for ...b3.} 54. Qc7+ Kb5 55. Qe5+ Kc4 {aiming for ...b3.} 56. Qe6+ Kc3 57. Qe1+ Kd3 58. h5 b3 59. h6 b2 60. h7 Qf6 61. Qd1+ Kc3 62. Qe1+ Kc2 63. Qe4+ Kc3 64. Qe3+ Kc2 65. Qc5+ Kd2 66. Qd5+ $1 Ke3 67. Qb3+ Kf2 {[%cal Rf6h6]} 68. Qc2+ Ke1 69. Qe4+ Kf2 {[%cal Rf6h6]} 70. Qc2+ Ke1 71. Qb1+ Kd2 72. Kg1 Qb6+ 73. Kg2 Qc6+ 74. Kh2 Qh6+ 75. Kg1 Qe3+ 76. Kh2 Qf2+ 77. Kh1 Qe1+ 78. Qxe1+ Kxe1 79. h8=Q b1=Q {( -> ...Kf2+)} 80. Qf6 Qh7+ {Accuracy: White = 54%, Black = 52%.} 1/2-1/2

[Event "XII Sabadell Open 2019"]
[Site "Sabadell"]
[Date "2019.09.05"]
[Round "4.9"]
[White "Rodriguez Velasco, German Enrique"]
[Black "Valderrama Quiceno, Esteban Alb"]
[Result "0-1"]
[WhiteElo "2148"]
[BlackElo "2407"]
[Annotator "TA"]
[PlyCount "88"]
[EventDate "2019.09.01"]
[EventCountry "ESP"]
[SourceTitle "playchess.com"]
[Source "ChessBase"]
[SourceQuality "1"]

{[%evp 17,88,20,36,8,13,8,11,6,32,12,21,11,13,0,0,-29,-5,-48,4,-19,-11,-10,-20,-61,-10,-56,-15,-10,-5,-29,0,0,8,-29,-26,-26,-27,-39,0,-72,-30,-37,-39,-23,-24,-81,-93,-129,-125,-144,-143,-154,-160,-188,-181,-229,-144,-203,-208,-189,-142,-323,-314,-629,-620,-1144,-1032,-1006,-1000,-939,-939,-936,-919]} 1. e4 g6 2. d4 Bg7 3. Nf3 d6 4. c3 Nf6 5. Bd3 O-O 6. Bg5 h6 7. Bh4 Nbd7 8. O-O e5 9. Nbd2 c6 10. Qc2 {B07: Pirc Defence: Miscellaneous Systems} Qc7 11. a4 Re8 12. Rfe1 {The position is equal.} b6 $146 ({Predecessor:} 12... Nh5 13. Nc4 Nb6 14. Ne3 a5 15. Rad1 Nf4 16. Bf1 Be6 17. b3 Nh5 18. Bc4 Bd7 19. dxe5 dxe5 {1-0 (42) Kamsky,G (2666)-Afanasiev,N (2487) St Petersburg 2018}) 13. Rad1 a6 14. Nc4 b5 15. Na3 Bb7 16. Bf1 Rac8 17. Nb1 Nb6 (17... Nh5 $15) 18. b3 Nbd7 19. Nbd2 Nh5 20. Be2 Nf8 ({Black should play} 20... exd4 $15 21. cxd4 Qb6) 21. Nf1 Nf4 22. Bg3 N8e6 23. Ne3 Qb6 {[%cal Re5d4]} 24. dxe5 dxe5 25. b4 c5 {And now ...cxb4 would win.} 26. Nd5 Nxd5 27. exd5 Nf8 28. d6 (28. axb5 $11 {keeps the balance.} axb5 29. bxc5 Rxc5 30. Bf1) 28... Nd7 {White must now prevent ...cxb4.} (28... e4 $5 {[%cal Re4f3]} 29. Nh4 Nd7 $15) 29. axb5 axb5 {aiming for ...cxb4.} 30. bxc5 Rxc5 31. Bd3 (31. Qb3 $11) 31... Re6 $17 32. Nd2 Rxd6 ({Worse is} 32... Qxd6 33. Nb3 $14) 33. Ne4 Bxe4 $1 34. Bxe4 Rxd1 35. Rxd1 Nf6 36. Bf3 Qe6 37. Be2 (37. Rd8+ $17 Kh7 38. Qd2) 37... Nd5 $19 38. c4 Qc8 {[%cal Rb5c4]} 39. Qb3 $2 (39. Qd2 $17 {keeps fighting.} bxc4 40. Bxc4 Rxc4 41. Qxd5) 39... bxc4 40. Bxc4 $2 (40. Qc2) 40... Rxc4 {Black is clearly winning.} 41. Rxd5 Rc3 42. Qa4 {[#]} Rc1+ $1 43. Rd1 {[#]} Qc6 $1 44. Qb3 Qc3 {Accuracy: White = 21%, Black = 54%.} 0-1

[Event "XII Sabadell Open 2019"]
[Site "Sabadell"]
[Date "2019.09.05"]
[Round "4.10"]
[White "Ordonez Gonzalez, Gabriel"]
[Black "Lorenzo De La Riva, Lazaro"]
[Result "0-1"]
[WhiteElo "1866"]
[BlackElo "2392"]
[Annotator "TA"]
[PlyCount "88"]
[EventDate "2019.09.01"]
[EventCountry "ESP"]
[SourceTitle "playchess.com"]
[Source "ChessBase"]
[SourceQuality "1"]

{[%evp 9,88,-14,-14,-14,-20,-25,0,-18,-20,-19,-18,-26,5,1,15,15,12,2,7,-12,-16,-19,-8,-4,0,-23,0,-23,-18,-50,-50,-47,-20,-33,-9,-53,0,-29,0,-10,0,0,10,0,-4,0,0,0,0,-15,0,0,0,0,0,-104,-112,-161,-159,-166,-166,-160,-149,-175,-166,-181,-182,-216,-209,-434,-447,-1844,-1766,-2624,-2288,-1699,-1537,-5281,-4018,-29966,-29966]} 1. c4 e5 2. Nc3 Bb4 3. Qb3 Nc6 4. e3 a5 (4... Nf6 5. Nge2 O-O 6. a3 Bxc3 7. Nxc3 Re8 8. d3 b6 9. Be2 Bb7 10. O-O d5 11. cxd5 Na5 {½-½ (65) Eljanov,P (2702)-Bologan,V (2672) Poikovsky 2013}) 5. a3 Bxc3 6. Qxc3 {A21: English Opening: 1...e5 2 Nc3} Nf6 7. d3 d5 8. Nf3 {The position is equal.} d4 9. Qc2 O-O 10. Be2 $146 ({Predecessor:} 10. e4 h6 11. Be2 Nh7 {0-1 (36) Karner,I (1800)-Miller,M (1867) Ellwangen 2001}) 10... dxe3 11. Bxe3 Nd4 12. Nxd4 exd4 13. Bg5 h6 $36 {[%mdl 2048] Black is more active.} 14. Bxf6 (14. Bh4 {feels hotter.} Re8 15. O-O Ra6 16. Qd2 Bf5 17. Rfe1) 14... Qxf6 15. O-O a4 16. Rfe1 Ra5 17. Bf1 Bf5 18. Rab1 Rb8 19. b4 axb3 $1 20. Qxb3 Qa6 21. Qb2 c5 22. Re5 Bg6 ({Black should try} 22... Qg6 $15 23. Qb6 Qxb6 24. Rxb6 Bd7) 23. a4 b6 24. Rd5 Kh7 25. h4 {[#] And now h5 would win.} Qc8 26. Rd6 Rxa4 27. Rxb6 Rxb6 28. Qxb6 Ra2 29. Rb2 Ra1 {[#] Strongly threatening ...Bxd3.} 30. Rb1 Ra3 31. Rb3 Ra8 32. h5 (32. Qb7 $11) 32... Bxh5 $17 33. Rb5 Ra1 34. Rb1 Rxb1 35. Qxb1 Qe6 36. Qc1 g5 37. Qd2 Kg7 38. g3 Bf3 39. Bg2 $2 (39. Qa5 Qf5 40. Qc7) 39... Qe2 $19 40. Qxe2 (40. Qa5 $142 Bxg2 41. Kxg2) 40... Bxe2 41. Be4 g4 42. Kg2 Kf6 43. f4 gxf3+ 44. Kf2 Kg5 {Accuracy: White = 23%, Black = 41%.} 0-1

[Event "XII Sabadell Open 2019"]
[Site "Sabadell"]
[Date "2019.09.05"]
[Round "4.11"]
[White "Cruz, Filemon"]
[Black "Ortega Serra, Marc"]
[Result "1/2-1/2"]
[WhiteElo "2320"]
[BlackElo "2297"]
[Annotator "TA"]
[PlyCount "84"]
[EventDate "2019.09.01"]
[EventCountry "ESP"]
[SourceTitle "playchess.com"]
[Source "ChessBase"]
[SourceQuality "1"]

{[%evp 21,84,-32,-20,-46,-43,-37,-32,-46,41,-55,-45,-135,-137,-162,-177,-187,-174,-202,-81,-51,-32,-68,-39,-103,-23,-33,-24,-21,-25,-32,-19,-70,-66,-50,-33,-34,0,0,0,-33,-60,-19,0,0,0,6,0,0,307,294,304,307,233,300,356,353,295,129,352,26,26,33,28,28,28]} 1. Nf3 Nf6 2. g3 d5 3. Bg2 e6 4. b3 Be7 5. Bb2 O-O 6. c4 c5 7. e3 Nc6 8. O-O d4 9. exd4 cxd4 10. d3 e5 11. Re1 Nd7 12. Nbd2 {A14: English Opening: 1...e6 with b3 by White} Re8 13. a3 a5 $1 14. Qc2 {[#] Black is slightly better.} f5 $146 (14... f6 $15) ({Predecessor:} 14... Ra6 15. h4 Bf8 16. Bh3 Nc5 17. Bxc8 Qxc8 18. Ne4 b6 19. Re2 f6 20. Nxc5 bxc5 {0-1 (36) Paszewski,M (2191)-Kovalenko,I (2653) Wroclaw 2014}) 15. Rab1 (15. Re2 $14) 15... Bc5 $15 16. Bc1 (16. Rbc1 $15) 16... Nf6 $1 $17 17. b4 axb4 18. Nb3 Bf8 19. c5 h6 (19... e4 $19 {is more deadly.} 20. Ng5 h6 21. axb4 hxg5 22. Bxg5 Be7 23. dxe4 Nxe4 24. Bxe4 fxe4 25. Qxe4 Bh3) 20. axb4 e4 21. Nh4 Qd5 {Threatens to win with ...Qf7.} 22. Bd2 {[#]} (22. Nd2 $15) 22... g5 ({Better is} 22... Qf7 $1 $17 23. b5 Ne5 24. dxe4 d3) 23. Ng6 $11 Bg7 {Strongly threatening ...Kh7.} 24. b5 Nd8 {[%cal Bc6d8,Bd8f7,Bf7e5][%mdl 32] White must now prevent ...Kh7.} 25. f4 $1 {[%cal Rf4g5]} Nf7 26. fxg5 (26. h4 $11 g4 27. c6) 26... hxg5 $15 {aiming for ...Kh7.} 27. h4 $1 {[%cal Rh4g5]} gxh4 28. Nxh4 Ra3 29. Ng6 Ne5 30. Nf4 Qf7 31. Bb4 exd3 32. Nxd3 Nxd3 33. Rxe8+ Qxe8 34. Qxd3 Rxb3 $4 {[%mdl 8192]} (34... Ra4 $1 $11 {and Black has nothing to worry.} 35. Re1 (35. Qxd4 $2 Ne4 $19 {[%mdl 64] Discovered Attack}) 35... Qf7) 35. Qxb3+ $18 Be6 36. Qd3 Ng4 37. Re1 ({But not} 37. Bxb7 Qh5) 37... Qf7 {intending ...Bc4.} 38. c6 bxc6 39. bxc6 ({Much less strong is} 39. Bxc6 Ne5 $18) (39. b6 $18 {has better winning chances.}) 39... Bc4 $2 {[#]} (39... Ne3 $16) 40. c7 $2 (40. Qd2 $1 $18) 40... Bxd3 $11 41. c8=Q+ Kh7 {( -> ...Qh5)} 42. Qe8 Qxe8 {Accuracy: White = 33%, Black = 43%.} 1/2-1/2

[Event "XII Sabadell Open 2019"]
[Site "Sabadell"]
[Date "2019.09.05"]
[Round "4.12"]
[White "Bedoya Rosales, Luis"]
[Black "Abreu Flores, Daniel"]
[Result "1/2-1/2"]
[WhiteElo "1918"]
[BlackElo "1905"]
[Annotator "NA"]
[PlyCount "52"]
[EventDate "2019.09.01"]
[EventCountry "ESP"]
[SourceTitle "playchess.com"]
[Source "ChessBase"]
[SourceQuality "1"]
[TimeControl "5400+30"]

1. e4 {[%emt 0:00:00]} e6 {[%emt 0:00:02]} 2. d4 {[%emt 0:00:00]} d5 {[%emt 0:00:04]} 3. Nd2 {[%emt 0:00:00]} c5 {[%emt 0:00:21]} 4. Ngf3 {[%emt 0:00:12]} cxd4 {[%emt 0:00:08]} 5. Nxd4 {[%emt 0:00:07]} Nf6 {[%emt 0:00:17]} 6. e5 {[%emt 0:06:33]} Nfd7 {[%emt 0:00:45]} 7. N2f3 {[%emt 0:06:08]} Nc6 {[%emt 0:03:10]} 8. Bb5 {[%emt 0:05:45]} Qc7 {[%emt 0:02:21]} 9. O-O {[%emt 0:09:35]} a6 {[%emt 0:12:47]} 10. Ba4 {[%emt 0:11:53]} Nc5 {[%emt 0:22:00]} 11. c4 {[%emt 0:13:07]} Nxa4 {[%emt 0:00:00]} 12. Qxa4 {[%emt 0:09:29]} Bd7 {[%emt 0:00:00]} 13. cxd5 {[%emt 0:02:01]} Nb4 {[%emt 0:09:34]} 14. Qb3 {[%emt 0:07:07]} Nxd5 {[%emt 0:03:10]} 15. Bd2 {[%emt 0:03:47]} Be7 {[%emt 0:18:29]} 16. Rfe1 {[%emt 0:12:30]} h6 {[%emt 0:08:21]} 17. Qd3 {[%emt 0:09:43]} Qb6 {[%emt 0:02:13]} 18. a3 {[%emt 0:00:00]} g5 {[%emt 0:00:00]} 19. h3 {[%emt 0:00:00]} O-O-O {[%emt 0:00:00]} 20. Qb3 {[%emt 0:01:27]} Rdg8 {[%emt 0:00:00]} 21. Qxb6 {[%emt 0:00:13]} Nxb6 {[%emt 0:00:00]} 22. Rac1+ {[%emt 0:00:15]} Kb8 {[%emt 0:00:00]} 23. Nh2 {[%emt 0:01:06]} h5 {[%emt 0:00:00]} 24. g3 {[%emt 0:00:30]} Nd5 {[%emt 0:00:00]} 25. Nf1 {[%emt 0:00:16]} Bd8 {[%emt 0:00:00]} 26. Ne3 {[%emt 0:00:39]} Nf4 {[%emt 0:14:25]} 1/2-1/2

[Event "XII Sabadell Open 2019"]
[Site "Sabadell"]
[Date "2019.09.05"]
[Round "4.13"]
[White "Tardio Fran, Emilio"]
[Black "Fernandez Aguilar, Francisco"]
[Result "0-1"]
[WhiteElo "1728"]
[BlackElo "2040"]
[Annotator "NA"]
[PlyCount "72"]
[EventDate "2019.09.01"]
[EventCountry "ESP"]
[SourceTitle "playchess.com"]
[Source "ChessBase"]
[SourceQuality "1"]
[TimeControl "5400+30"]

1. e4 {[%emt 0:01:40]} e5 {[%emt 0:00:21]} 2. Nf3 {[%emt 0:00:20]} Nc6 {[%emt 0:01:33]} 3. Bc4 {[%emt 0:00:15]} Nf6 {[%emt 0:00:14]} 4. Ng5 {[%emt 0:01:20]} d5 {[%emt 0:00:06]} 5. exd5 {[%emt 0:00:20]} Na5 {[%emt 0:00:07]} 6. Bb5+ {[%emt 0:00:28]} Bd7 {[%emt 0:00:06]} 7. Qe2 {[%emt 0:01:02]} Be7 {[%emt 0:00:07]} 8. Nc3 {[%emt 0:00:32]} Bxb5 {[%emt 0:00:33]} 9. Qxb5+ {[%emt 0:01:45]} c6 {[%emt 0:00:05]} 10. dxc6 {[%emt 0:00:50]} Nxc6 {[%emt 0:02:45]} 11. O-O {[%emt 0:00:26]} O-O {[%emt 0:04:13]} 12. Qe2 {[%emt 0:01:29]} Nd4 {[%emt 0:00:07]} 13. Qd1 {[%emt 0:00:33]} Rc8 {[%emt 0:00:05]} 14. Re1 {[%emt 0:04:22]} Nd5 {[%emt 0:02:12]} 15. Nf3 {[%emt 0:06:21]} Nb4 {[%emt 0:01:10]} 16. Rxe5 {[%emt 0:10:54]} Ndxc2 {[%emt 0:03:24]} 17. Rb1 {[%emt 0:01:00]} Bf6 {[%emt 0:11:27]} 18. a3 {[%emt 0:06:24]} Bxe5 {[%emt 0:02:37]} 19. axb4 {[%emt 0:08:59]} Bxc3 {[%emt 0:02:01]} 20. bxc3 {[%emt 0:02:11]} Rxc3 {[%emt 0:06:54]} 21. Bb2 {[%emt 0:09:51]} Rc8 {[%emt 0:09:43]} 22. Ne5 {[%emt 0:03:03]} Nd4 {[%emt 0:07:43]} 23. Qg4 {[%emt 0:00:18]} Ne6 {[%emt 0:00:27]} 24. f4 {[%emt 0:12:59]} f5 {[%emt 0:11:07]} 25. Qe2 {[%emt 0:00:07]} Qb6+ {[%emt 0:01:24]} 26. Kh1 {[%emt 0:01:11]} Qxb4 {[%emt 0:02:04]} 27. Nd3 {[%emt 0:00:45]} Qe4 {[%emt 0:02:06]} 28. Qf1 {[%emt 0:02:13]} Rfd8 {[%emt 0:00:28]} 29. Nf2 {[%emt 0:02:12]} Qxf4 {[%emt 0:00:34]} 30. Qe1 {[%emt 0:03:24]} Re8 {[%emt 0:02:40]} 31. Be5 {[%emt 0:02:16]} Qc4 {[%emt 0:03:05]} 32. Rxb7 {[%emt 0:01:05]} Qd5 {[%emt 0:01:08]} 33. Rb1 {[%emt 0:00:55]} Nf4 {[%emt 0:00:44]} 34. Bxf4 {[%emt 0:02:27]} Rxe1+ {[%emt 0:00:07]} 35. Rxe1 {[%emt 0:00:57]} Qe6 {[%emt 0:00:43]} 36. Be5 {[%emt 0:00:55]} Qxe5 {[%emt 0:00:15]} 0-1

[Event "XII Sabadell Open 2019"]
[Site "Sabadell"]
[Date "2019.09.05"]
[Round "4.14"]
[White "Borrellas Comellas, Josep"]
[Black "Ritter Aguilar, Jordi"]
[Result "1-0"]
[WhiteElo "1943"]
[BlackElo "1826"]
[Annotator "NA"]
[PlyCount "67"]
[EventDate "2019.09.01"]
[EventCountry "ESP"]
[SourceTitle "playchess.com"]
[Source "ChessBase"]
[SourceQuality "1"]
[TimeControl "5400+30"]

1. e4 {[%emt 0:00:00]} e5 {[%emt 0:00:12]} 2. Nf3 {[%emt 0:00:00]} Nc6 {[%emt 0:00:18]} 3. d4 {[%emt 0:00:32]} exd4 {[%emt 0:00:49]} 4. Nxd4 {[%emt 0:00:00]} Qh4 {[%emt 0:01:54]} 5. Nc3 {[%emt 0:00:00]} Bb4 {[%emt 0:01:40]} 6. Ndb5 {[%emt 0:04:59]} Ba5 {[%emt 0:02:39]} 7. Bd3 {[%emt 0:04:41]} Nge7 {[%emt 0:04:24]} 8. Bd2 {[%emt 0:05:57]} a6 {[%emt 0:01:57]} 9. Na3 {[%emt 0:00:10]} b5 {[%emt 0:11:12]} 10. Ne2 {[%emt 0:10:55]} Bxd2+ {[%emt 0:00:00]} 11. Qxd2 {[%emt 0:00:21]} Qf6 {[%emt 0:05:44]} 12. c3 {[%emt 0:01:54]} Ne5 {[%emt 0:00:00]} 13. O-O {[%emt 0:07:25]} O-O {[%emt 0:00:00]} 14. Rad1 {[%emt 0:03:45]} N7g6 {[%emt 0:01:12]} 15. f4 {[%emt 0:00:00]} Qb6+ {[%emt 0:07:46]} 16. Kh1 {[%emt 0:08:30]} Ng4 {[%emt 0:00:00]} 17. Nd4 {[%emt 0:00:27]} c5 {[%emt 0:07:38]} 18. Nf5 {[%emt 0:05:12]} Bb7 {[%emt 0:04:31]} 19. Be2 {[%emt 0:07:15]} Nf6 {[%emt 0:00:00]} 20. e5 {[%emt 0:05:04]} Nd5 {[%emt 0:00:04]} 21. c4 {[%emt 0:00:00]} Nc7 {[%emt 0:06:00]} 22. Qxd7 {[%emt 0:04:54]} Bc6 {[%emt 0:02:27]} 23. Qd3 {[%emt 0:03:18]} Ne6 {[%emt 0:01:43]} 24. Qe3 {[%emt 0:00:00]} Rad8 {[%emt 0:03:52]} 25. Nd6 {[%emt 0:01:40]} Nd4 {[%emt 0:01:04]} 26. cxb5 {[%emt 0:02:01]} axb5 {[%emt 0:00:06]} 27. Bd3 {[%emt 0:01:08]} Nh4 {[%emt 0:01:53]} 28. Rf2 {[%emt 0:11:48]} Rxd6 {[%emt 0:01:24]} 29. exd6 {[%emt 0:00:00]} Re8 {[%emt 0:01:57]} 30. Qh3 {[%emt 0:00:00]} Qd8 {[%emt 0:11:11]} 31. Nc2 {[%emt 0:00:00]} Bxg2+ {[%emt 0:03:48]} 32. Rxg2 {[%emt 0:00:00]} Nxc2 {[%emt 0:00:13]} 33. Rxc2 {[%emt 0:00:00]} c4 {[%emt 0:04:21]} 34. Bf1 {[%emt 0:02:03]} 1-0